A scrapbook of memories / (Record no. 95994)

MARC details
000 -LEADER
fixed length control field 01093nam a22002777a 4500
005 - DATE AND TIME OF LATEST TRANSACTION
control field 20180313102051.0
010 ## - LCCN (DPL NO)
LC control number 1516EN07 ENG-114859
020 ## - INTERNATIONAL STANDARD BOOK NUMBER
International Standard Book Number 9789351770954
Terms of availability 699.00
035 ## - SYSTEM CONTROL NUMBER
System control number EN-98391
035 ## - SYSTEM CONTROL NUMBER
System control number B-615422-433
035 ## - SYSTEM CONTROL NUMBER
System control number B-670024
037 ## - SOURCE OF ACQUISITION
Source of stock number/acquisition Pansy/ven
037 ## - SOURCE OF ACQUISITION
Source of stock number/acquisition DBAD/PUB
082 ## - DEWEY DECIMAL CLASSIFICATION NUMBER
Classification number 070.5092
100 ## - MAIN ENTRY--PERSONAL NAME
Personal name Chopra, Ashok
245 ## - TITLE STATEMENT
Title A scrapbook of memories /
Statement of responsibility, etc by Ashok Chopra
260 ## - PUBLICATION, DISTRIBUTION, ETC. (IMPRINT)
Place of publication, distribution, etc Noida
Name of publisher, distributor, etc Harper Collins Publishers
Date of publication, distribution, etc 2015
270 ## - ADDRESS
Address A-75,Sector-57
City Noida
Postal code 201301
300 ## - PHYSICAL DESCRIPTION
Extent xii.,415p.
Dimensions 24cm(Hb)
Other physical details col. ill.
500 ## - GENERAL NOTE
General note Includes index
600 ## - SUBJECT ADDED ENTRY--PERSONAL NAME
Personal name Chopra, Ashok,
Dates associated with a name 1949-
650 ## - SUBJECT ADDED ENTRY--TOPICAL TERM
Topical term or geographic name as entry element Publishers and publishing
Geographic subdivision India
-- Gurgaon
Form subdivision Biography.
942 ## - ADDED ENTRY ELEMENTS (KOHA)
Source of classification or shelving scheme Dewey Decimal Classification
Item type English Books
Call number suffix CHO
Classification part 070.5092
Holdings
Withdrawn status Lost status Not for loan Collection code Home library Current library Date acquired Source of acquisition Cost, normal purchase price Full call number Barcode Copy number Cost, replacement price Koha item type
      Non-fiction Ashok Vihar Ashok Vihar 12/06/2017 BPPD/EN/2015-16/AV/16-17/397/15.02.2017/1644/27.02.2017/27.03.2017 699.00 070.5092 CHO B-670024 1 699.00 English Books
    Not For Loan Non-fiction D.B.Act.Division Bawana 09/02/2016 DBAD/PUB 699.00 070.5092 CHO EN-98391 1 699.00 English Books
      Non-fiction Bawana Bawana 30/05/2016 1544/28.9.2015/131/16.9.2015/4.11.2015 699.00 070.5092 CHO B-615433 1 699.00 English Books
      Non-fiction Central Library Central Library 30/05/2016 1544/28.9.2015/131/16.9.2015/4.11.2015 699.00 070.5092 CHO B-615422 1 699.00 English Books
      Non-fiction Janak Puri Janak Puri 30/05/2016 1544/28.9.2015/131/16.9.2015/4.11.2015 699.00 070.5092 CHO B-615426 1 699.00 English Books
      Non-fiction Karol Bagh Karol Bagh 30/05/2016 1544/28.9.2015/131/16.9.2015/4.11.2015 699.00 070.5092 CHO B-615430 1 699.00 English Books
      Non-fiction Kasturba Gandhi Marg Kasturba Gandhi Marg 30/05/2016 1544/28.9.2015/131/16.9.2015/4.11.2015 699.00 070.5092 CHO B-615424 1 699.00 English Books
      Non-fiction Narela Narela 30/05/2016 1544/28.9.2015/131/16.9.2015/4.11.2015 699.00 070.5092 CHO B-615432 1 699.00 English Books
      Non-fiction New Rohtak Road New Rohtak Road 30/05/2016 1544/28.9.2015/131/16.9.2015/4.11.2015 699.00 070.5092 CHO B-615431 1 699.00 English Books
      Non-fiction Patel Nagar Patel Nagar 30/05/2016 1544/28.9.2015/131/16.9.2015/4.11.2015 699.00 070.5092 CHO B-615423 1 699.00 English Books
      Non-fiction Peshwa Road Peshwa Road 30/05/2016 1544/28.9.2015/131/16.9.2015/4.11.2015 699.00 070.5092 CHO B-615425 1 699.00 English Books
  Written-off vide DLB M. No. 383 dt 16.05.19   Non-fiction R.K.Puram-8 R.K.Puram-8 30/05/2016 1544/28.9.2015/131/16.9.2015/4.11.2015 699.00 070.5092 CHO B-615428 1 699.00 English Books
      Non-fiction Sarojini Nagar Sarojini Nagar 30/05/2016 1544/28.9.2015/131/16.9.2015/4.11.2015 699.00 070.5092 CHO B-615427 1 699.00 English Books
      Non-fiction Sarojini Nagar Sarojini Nagar 30/05/2016 1544/28.9.2015/131/16.9.2015/4.11.2015 699.00 070.5092 CHO B-615429 1 699.00 English Books

© Delhi Public Library
Hit Counter
free hit counter